Informe sobre los núcleos escolares rurales / (Record no. 31225)

MARC details
000 -CABECERA
campo de control de longitud fija 00667nam a2200193 a 4500
005 - FECHA Y HORA DE LA ÚLTIMA TRANSACCIÓN
campo de control 20210223122216.0
008 - ELEMENTOS DE LONGITUD FIJA--INFORMACIÓN GENERAL
campo de control de longitud fija 991125s1955 lim 000 0 spa u
035 ## - NÚMERO DE CONTROL DEL SISTEMA
Número de control de sistema UPN01000031225
049 ## - COLECCIÓN
Colección CG
050 #4 - SIGNATURA TOPOGRÁFICA DE LA BIBLIOTECA DEL CONGRESO
Número de clasificación L324
Número de documento/Ítem D5
100 1# - ASIENTO PRINCIPAL--NOMBRE PERSONAL
Nombre de persona Díaz Montenegro, Leopoldo
245 10 - MENCIÓN DE TÍTULO
Título Informe sobre los núcleos escolares rurales /
Mención de responsabilidad, etc. Leopoldo Díaz Montenegro ; colab. Luis Alberto López y Alejandro Rivera R.
260 ## - PUBLICACIÓN, DISTRIBUCIÓN, ETC.
Lugar de publicación, distribución, etc. Lima :
Nombre del editor, distribuidor, etc. Ministerio de Educación Pública :
-- SECPANE,
Fecha de publicación, distribución, etc. 1955.
300 ## - DESCRIPCIÓN FÍSICA
Extensión 81 p. :
Otras características físicas retrs.
650 #4 - ASIENTO SECUNDARIO DE MATERIA - TERMINO TEMATICO
Término de materia o nombre geográfico como elemento de entrada ESCUELAS RURALES -
Subdivisión geográfica PERU
9 (RLIN) 22086
700 1# - ASIENTO SECUNDARIO--NOMBRE DE PERSONAL
Nombre de persona López, Luis Alberto,
Títulos y otros términos asociados al nombre colab.
700 1# - ASIENTO SECUNDARIO--NOMBRE DE PERSONAL
Nombre de persona Rivera R., Alejandro,
Término indicativo de función/relación colab.
905 ## - TIPO DE MATERIAL
Tipo de material Libro
Holdings
Estado de retiro Estado de pérdida Fuente del sistema de clasificación o colocación Estado dañado No para préstamo Código de colección Localización permanente Ubicación/localización actual Ubicación en estantería Total de préstamos Clasificación Código de barras Fecha visto por última vez Número de copia Tipo de ítem Koha
    Library of Congress Classification     Colección General Bib. Gregorio Torres Quintero Bib. Gregorio Torres Quintero Planta baja   L324 D5 10435 31/12/2020 1 Libro